000 01140nam a22002297a 4500
999 _c59981
_d59981
003 Ge_BSU
005 20230525164654.0
008 230525s2007 ge ||||| |||| 00| 0 geo d
020 _a9789992809778
041 _ageo
080 _a016:1(479.22)(092 დოდაშვილი, ს.) დ-72
100 _aდოლიძე, ნ.
_918236
245 _aსოლომონ დოდაშვილი 1805-1836 :
_bბიობიბლიოგრაფია /
_c[შემდგ.: ნ. დოლიძე, ნ. ფირცხალავა, ი. გომელაური ; რედ. კ. ბლაგიძე].
264 _aთბილისი,
_c2007.
300 _a143 გვ. ;
_b21 სმ.
501 _aსახელთა საძიებელი გვ. 128-142
653 _aდოდაშვილი, სოლომონ
700 _aდოლიძე, ნ.
_eშემდგენელი
_918237
700 _aფირცხალავა, ნ.
_eშემდგენელი
_911277
700 _aგომელაური, ი.
_eშემდგენელი
_918241
942 _2udc
_cBK